|
|
|
|
| LEADER |
00000nab a2200000 a 4500 |
| 001 |
vtls008409343 |
| 003 |
SK-MaSNL |
| 005 |
20260303070126.0 |
| 008 |
051114c200510 xo r p 000 00slo |
| 038 |
|
|
|a SVKPOCL
|
| 040 |
|
|
|a SVKPOCL
|b slo
|c SVKPO
|e AACR2
|
| 041 |
0 |
|
|a slo
|
| 044 |
|
|
|a xo
|c SK
|
| 080 |
|
|
|a 656.132
|2 UDC-MRF-SK2
|
| 100 |
1 |
|
|a Bartko, Vlastimil
|4 aut
|9 274290
|
| 245 |
1 |
0 |
|a S certifikátom do Európy
|b rozhovor s generálnym riaditeľom prešovskej SAD Ing. Miroslavom Birošom
|c [zhováral sa] Vlastimil Bartko
|
| 300 |
|
|
|a Fotogr.
|
| 600 |
1 |
7 |
|a Biroš, Miroslav
|2 svkpocl
|9 1067113
|
| 610 |
2 |
7 |
|a Slovenská autobusová doprava (Prešov, Slovensko)
|2 svkpocl
|9 905856
|
| 650 |
0 |
7 |
|a certifikát kvality
|2 svkpocl
|9 879922
|
| 651 |
|
7 |
|a Prešov (Slovensko)
|2 svkpocl
|9 17347
|
| 700 |
1 |
|
|a Biroš, Miroslav
|4 aut
|9 1067113
|
| 773 |
0 |
|
|t Imidž
|g Roč. VII , október (2005), s. 22
|x 1336-0272
|
| 852 |
|
|
|a SVKPO
|b KIS3GCP
|
| 999 |
|
|
|c 1754046
|d 1755976
|